| 000 | 00407nam a2200145 a 4500 | ||
|---|---|---|---|
| 001 | 1845 | ||
| 003 | CDMR | ||
| 005 | 20130319115121.0 | ||
| 008 | 130130s1995||||||||||||||||||||||||||||d | ||
| 040 |
_aCDMR _bcat _cCPC LLEIDA |
||
| 100 | 1 |
_aMartí-Henneberg, Jordi _91377 |
|
| 245 | 1 | 0 |
_aL'excursionisme a Lleida (1884-1936) _cMARTÍ-HENNEBERG, Jordi |
| 260 |
_aLleida _c1995 _bAjuntament de Lleida |
||
| 942 |
_cMON _2udc |
||
| 999 |
_c1845 _d1845 |
||